| 000 | 01090cam a2200289 a 4500 | ||
|---|---|---|---|
| 005 | 20260205122049.0 | ||
| 008 | 970501s1997 maua b 001 0 eng | ||
| 020 | _a0674940571 | ||
| 020 | _a9780674940567 | ||
| 020 | _a9780674940574 | ||
| 040 |
_aKABLIB _cKABLIB _erda |
||
| 082 | 0 | 0 |
_a306.2 _223 _bWHY |
| 245 | 0 | 0 |
_aWhy people don't trust government / _cedited by Joseph S. Nye, Jr., Philip D. Zelikow, David C. King. |
| 260 |
_aCambridge, Mass. : _bHarvard University Press, _cc1997. |
||
| 300 |
_avii, 337 p. : _bill. ; _c23 cm. |
||
| 504 | _aIncludes bibliographical references index. | ||
| 650 | 0 |
_aPolitical alienation _zUnited States. _915240 |
|
| 650 | 0 |
_aPolitical culture _zUnited States. _915241 |
|
| 650 | 0 |
_aPublic opinion _zUnited States. _915242 |
|
| 650 | 0 |
_aAllegiance _zUnited States. _915243 |
|
| 700 | 1 |
_aNye, Joseph S. _915244 |
|
| 700 | 1 |
_aZelikow, Philip, _d1954- _915245 |
|
| 700 | 1 |
_aKing, David C., _d1963- _915246 |
|
| 906 |
_a7 _bcbc _corignew _d1 _eocip _f19 _gy-gencatlg |
||
| 942 |
_2ddc _cBOOK |
||
| 999 |
_c6029 _d6029 |
||